000 00301nam a22001337a 4500
008 171030b xxu||||| |||| 00| 0 eng d
020 _a9780394374178
041 _aeng
080 _22ND
_a33
100 _a58
101 _aBUS
245 _aBUSINESS COMMUNICATION TODAY
_cBOVEE,C.L
942 _2udc
_cBK
999 _c36531
_d36531